00764cam a2200205 a 450000100100000000500170001000800410002704000250006808200190009310000390011224500570015126000340020830000210024249000460026365000270030965000310033683000540036795201220042199900150054300000826620200929161324.0750815s1945 ag 000 1 spa  aDO-SdBNPbspacBNPHU aA863.44bG182j1 aGalvez, Manuel,d1882-1962.92239814aLos caminos de la muerte :bNovela /cManuel Galvez. aBuenos Aires :bTor,c[1945]. a192 p. ;c19 cm.1 aEscenas de la guerra del Paraguay.vno. I 4aNovela argentina93941 4aLiteratura argentina93860 0aEscenas de la guerra del Paraguay ;vno. I922399 001052708MOaGRbGRcCTd2009-09-15iLF1l0oA863.44 G182jp8266-10r2020-06-25w2020-06-25y2ZPréstamo interno c8037d8037